000 00593nam a2200193 a 4500
005 20140412111320.0
008 010402s19uu xx 00 eng d
020 _a0-7214-1558-X
050 _aER
_bGo57 1993
100 _aDaly, Audrey
245 _aGoldilocks and the three bears /
_cby Audrey Daly ; illustrated by Chris Russell.
260 _aLeicestershire, UK :
_bLadybird Books Ltd,
_c1993.
300 _a1 v. (unp.) ; ill.
440 _aFavourite Tales
500 _abased on a traditional folk tale
650 _aBears-Stories
650 _aChildren's stories
999 _c104358
_d104358